| 000 | 00461nam a22001937a 4500 | ||
|---|---|---|---|
| 003 | LK-CoMWRAF | ||
| 005 | 20231020222105.0 | ||
| 008 | 231020b |||||||| |||| 00| 0 eng d | ||
| 020 | _a0861129830 | ||
| 040 |
_aLK-CoMWRAF _dLK-CoMWRAF _eLK-CoMWRAF |
||
| 041 | _aeng | ||
| 082 |
_a823 _bNES |
||
| 100 | _aNesbit, E. | ||
| 245 | _aThe Railway children | ||
| 260 |
_aNewmarket : _bBrimax, _c1994 |
||
| 300 | _a60p | ||
| 650 | _aEnglish Fiction | ||
| 942 | _cBK | ||
| 999 |
_c3960 _d3960 |
||